Taylor Swift - The Tortured Poets Department: The Anthology - Statistics

General Stats
  • This quiz has been taken 347 times
  • The average score is 25 of 31
Answer Stats
Track Titre % Correct
1 Fortnight
98%
2 The Tortured Poets Department
96%
5 So Long, London
94%
17 The Black Dog
92%
4 Down Bad
89%
8 Florida!!!
88%
28 Peter
88%
22 So High School
87%
15 The Alchemy
87%
13 I Can Do It With a Broken Heart
86%
31 The Manuscript
86%
14 The Smallest Man Who Ever Lived
86%
3 My Boy Only Breaks His Favorite Toys
84%
6 But Daddy I Love Him
83%
16 Clara Bow
83%
19 The Albatross
83%
27 Cassandra
82%
12 loml
81%
30 Robin
81%
9 Guilty as Sin?
79%
11 I Can Fix Him (No Really I Can)
77%
10 Who's Afraid of Little Old Me?
77%
29 The Bolter
75%
7 Fresh Out the Slammer
74%
26 The Prophecy
72%
24 thanK you aIMee
70%
20 Chloe or Sam or Sophia or Marcus
68%
23 I Hate It Here
65%
25 I Look in People's Windows
64%
21 How Did It End?
63%
18 imgonnagetyouback
63%
No matching quizzes found
Score Distribution
Percent of People with Each Score
Percentile by Number Answered
Your Score History
You have not taken this quiz